| 000 | 01775nam2a22002651 4500 | ||
|---|---|---|---|
| 001 | v19\rc\1525410 | ||
| 005 | 20260405134611.0 | ||
| 035 | _a(NLR Aleph) 005234136 | ||
| 090 |
_a5636375 _c5636375 |
||
| 100 | _a20060620d1895 |||y0rusy50 ca | ||
| 101 | 0 | _arus | |
| 102 | _aRU | ||
| 105 | _ay b| ||||| | ||
| 200 | 1 | _aКаталог большой коллекции вновь приобретенных старинных, новых и новейших русских и иностранных, замечательных изданий по всем стилям и по всем предметам архитектуры, строительного искусства, технического черчения, орнаментации, декоративной живописи, мебельного, обойного и столярного дела, художественной промышленности и ремесел и книг с рисунками художественных вещей всякого рода, продающихся... в книжном и эстампном магазине Э.К. Гартье под ф | |
| 210 |
_d1895 _aБ. м. |
||
| 215 | _a[2], 18 с. | ||
| 461 | 0 |
_1001v19\rc\1525404 _12001#$aКаталог антикварных книг$v№ 11 _93369320 _a"Посредник", книжная торговля (Петербург) _cС.-Петербург _d1886-1895 _tКаталог антикварных книг _v№ 11 |
|
| 702 | 1 |
_4570 _8rus _7ca _aГартье _bЭ. К. _f1849-1911 _gЭмиль К. _3RU\NLR\AUTH\7755084 _938016 |
|
| 801 | 2 |
_aRU _bNLR _c20070823 _2rusmarc |
|
| 801 | 0 |
_aRU _bNLR _gpsbo |
|
| 801 | 0 |
_aRU _bRuMoRGB _2psbo |
|
| 801 | 1 |
_aRU _bProSoft-M _2rusmarc |
|
| 852 |
_aNLR _j671/П-62 |
||
| 942 | _cBOOK | ||
| 980 | _aNB | ||